000 00695cam a2200193 i 4500
005 20251209073848.0
008 250721s1997 ts gr 000 0 ara d
082 1 4 _a216.22
_bر ز ق
100 1 _aرزق، سمير القرني
_eمؤلف.
245 1 0 _aصلاة الفجر في حياة المسلم /
_cتأليف سمير القرني بن محمد رزق.
250 _aالطبعة الثانية.
264 3 1 _aالشارقة :
_bدار الفتح للنشر والتوزيع،
_c1997.
300 _a123 صفحة.
650 1 7 _aالإسلام.
650 1 7 _aصلاة الفجر.
650 1 7 _aالفقه الإسلامي.
942 _2ddc
_cBK
999 _c6451
_d6451